[Event "St Louis Winter IM 2017"]
[Site "masterchessopen.com Saint Louis USA"]
[Date "2017.02.17"]
[Round "2.2"]
[White "Brooks,M"]
[Black "Hua,L"]
[Result "0-1"]
[WhiteElo "2384"]
[BlackElo "2333"]

1.e4 c5 2.Nc3 Nc6 3.g3 g6 4.Bg2 Bg7 5.d3 d6 6.f4 e6 7.Nf3 Nge7 8.O-O O-O 9.Be3
b6 10.Bf2 Bb7 11.Rb1 Qd7 12.Ne2 Rac8 13.c3 Ba6 14.b4 cxb4 15.cxb4 Nb8 16.a4
Bb7 17.Qb3 Nbc6 18.d4 d5 19.e5 Ba6 20.b5 Na5 21.Qd3 Bb7 22.g4 Rc4 23.Bh4 Rxa4
24.Bh3 Nc4 25.Ra1 Rxa1 26.Rxa1 Bc8 27.Bf6 Re8 28.Nc3 Qc7 29.Bxg7 Kxg7 30.Nd2
Nxd2 31.Qxd2 Bd7 32.Bf1 Rc8 33.Ra3 Rf8 34.Bd3 f5 35.gxf5 gxf5 36.Ne2 Nc8
37.Rc3 Qd8 38.Ng3 Kh8 39.Be2 Rg8 40.Qe3 Ne7 41.Kf1 Be8 42.Ke1 Qd7 43.Qc1 Qd8
44.Rc7 Ng6 {#R} 0-1

[Event "St Louis Winter IM 2017"]
[Site "masterchessopen.com Saint Louis USA"]
[Date "2017.02.17"]
[Round "2.3"]
[White "Eckert,D"]
[Black "Young,An"]
[Result "0-1"]
[WhiteElo "2135"]
[BlackElo "2295"]

1.c4 Nf6 2.g3 e5 3.Bg2 Be7 4.Nc3 O-O 5.Nf3 d6 6.d4 Nbd7 7.O-O c6 8.e4 a6 9.d5
Nc5 10.Ne1 cxd5 11.cxd5 b5 12.b4 Ncd7 13.a4 bxa4 14.Nxa4 Nb6 15.Nxb6 Qxb6
16.Nc2 Bg4 17.Qd3 Bd7 18.Be3 Qb7 19.Rfc1 Ng4 20.Rab1 f5 21.h3 fxe4 22.Bxe4 Bb5
23.Bxh7+ Kh8 24.Qd1 Nf6 25.Bf5 Qxd5 26.Qxd5 Nxd5 27.Be4 Nc3 28.Bxa8 Rxa8
29.Ne1 Ne2+ 30.Kh2 Nxc1 31.Rxc1 d5 32.Bc5 Rc8 33.Nf3 Bf6 34.g4 e4 35.g5 Bd8
36.Nd4 Bxg5 37.Rg1 Bf4+ 38.Kh1 Be5 39.Nf5 Be2 40.Re1 Bf3+ 41.Kg1 Rc6 42.Kf1
Rg6 43.Nh4 Rf6 44.Be7 Re6 45.Bc5 Bh5 46.Nf5 Be8 47.Nd4 Rf6 48.Re3 Bd7 49.Ke1
Kh7 50.Ra3 Rh6 51.Nc2 Bb5 52.Nd4 Bd3 53.Ne2 {#R} 0-1

[Event "St Louis Winter IM 2017"]
[Site "masterchessopen.com Saint Louis USA"]
[Date "2017.02.17"]
[Round "2.4"]
[White "Grabinsky,Aaron"]
[Black "Williams,Justus D"]
[Result "0-1"]
[WhiteElo "2372"]
[BlackElo "2333"]

1.d4 Nf6 2.Bf4 d5 3.e3 c5 4.c3 Nc6 5.Nf3 Qb6 6.Qb3 c4 7.Qc2 Bf5 8.Qc1 h6 9.h3
e6 10.Nbd2 Qd8 11.Ne5 Nxe5 12.Bxe5 Bd6 13.Bxf6 Qxf6 14.e4 dxe4 15.Nxc4 Bc7
16.Ne3 O-O 17.Qd2 Bh7 18.Bc4 Kh8 19.O-O-O Rac8 20.Bb3 Rfd8 21.Rhf1 Qg5 22.g3
Qh5 23.h4 b5 24.Kb1 Bb6 25.Ka1 b4 26.Nc4 bxc3 27.bxc3 Bc7 28.Qe3 a5 29.Rc1 Qb5
30.Nb2 Bb6 31.f4 exf3 32.Qxf3 Rc7 33.Rfd1 a4 34.Nxa4 Ra7 35.c4 Bxd4+ {#R} 0-1

[Event "St Louis Winter IM 2017"]
[Site "masterchessopen.com Saint Louis USA"]
[Date "2017.02.17"]
[Round "2.5"]
[White "Gauri,S"]
[Black "Neimer,V"]
[Result "1-0"]
[WhiteElo "2306"]
[BlackElo "2356"]

1.c4 f5 2.Nc3 Nf6 3.g3 g6 4.Bg2 Bg7 5.Nf3 d6 6.d3 e5 7.Rb1 a5 8.a3 O-O 9.O-O
h6 10.b4 axb4 11.axb4 g5 12.Nd2 c6 13.b5 Be6 14.Qb3 Rf7 15.Bb2 cxb5 16.Nxb5
Nc6 17.Ra1 Rb8 18.d4 exd4 19.Nxd4 Nxd4 20.Bxd4 b5 21.Qe3 Re7 22.Ra7 bxc4
23.Rfa1 d5 24.Rxe7 Qxe7 25.Ra7 Qe8 26.Rxg7+ Kxg7 27.Qe5 Rb7 28.Qxf6+ Kh7
29.Bxd5 Bxd5 30.Qxf5+ Kg8 31.Qxd5+ Qf7 32.Qd8+ Kh7 33.Nf3 Qg8 34.Qd6 g4 35.Nd2
Qc8 36.Ne4 Rb1+ 37.Kg2 Qb7 38.f3 gxf3+ 39.exf3 Rd1 40.Nf6+ Kg6 41.Nd7+ Kf7
42.Qf8+ {#r} 1-0

[Event "St Louis Winter IM 2017"]
[Site "masterchessopen.com Saint Louis USA"]
[Date "2017.02.17"]
[Round "3.1"]
[White "Williams,Justus D"]
[Black "Banawa,Joe"]
[Result "0-1"]
[WhiteElo "2333"]
[BlackElo "2370"]

1.c4 c5 2.Nc3 Nc6 3.g3 g6 4.Bg2 Bg7 5.e3 e5 6.Nge2 Nge7 7.a3 a5 8.O-O O-O
9.Rb1 d6 10.d3 Rb8 11.Bd2 b6 12.Nd5 Nxd5 13.cxd5 Ne7 14.b4 axb4 15.axb4 Ba6
16.Qb3 Qc7 17.Rfc1 Rfc8 18.f4 exf4 19.Nxf4 Bb5 20.Bc3 Be5 21.Qb2 Nf5 22.Bh3
Bd7 23.Qf2 Nh6 24.Bg2 Ng4 25.Qf3 Qd8 26.Bd2 Bg7 27.h3 Ne5 28.Qe2 Qe8 29.Bf1
Bb5 30.Qd1 c4 31.d4 Nd3 32.Nxd3 cxd3 33.g4 Bh6 34.Qf3 Rc2 35.Rxc2 dxc2 36.Rc1
Rc8 37.h4 Rc7 38.g5 Bg7 39.Bxb5 Qxb5 40.Qf1 Qxd5 41.Qd3 Qf3 42.Be1 Qg4+ 43.Kf1
Qc8 44.Ke2 d5 45.Qb3 Rc4 46.Qd3 Bf8 47.Kf1 Bd6 48.Qe2 Qh3+ 49.Kg1 Qc8 50.Kg2
Qf5 51.Qf3 Qe6 52.Qe2 h6 53.Qf3 hxg5 54.hxg5 Be7 55.Qf4 Rc8 56.Bd2 Qe4+ 57.Kg3
Qd3 58.Rh1 Qxd2 59.Qe5 Bf6 60.Qxf6 Qxe3+ 61.Kg4 Qe4+ 62.Kg3 Qxh1 63.b5 Rc3+
64.Kf2 Qh2+ {#R} 0-1

[Event "St Louis Winter IM 2017"]
[Site "masterchessopen.com Saint Louis USA"]
[Date "2017.02.17"]
[Round "3.3"]
[White "Hua,L"]
[Black "Grabinsky,Aaron"]
[Result "0-1"]
[WhiteElo "2333"]
[BlackElo "2372"]

1.d4 e6 2.c4 Bb4+ 3.Bd2 Bxd2+ 4.Qxd2 Nf6 5.Nc3 d5 6.e3 O-O 7.cxd5 exd5 8.Bd3
b6 9.Nge2 c5 10.O-O Bb7 11.Rad1 Nbd7 12.Nf4 Qe7 13.Rfe1 a6 14.Bb1 Rfd8 15.f3
Nf8 16.Qf2 Qc7 17.Qg3 Ne6 18.Nce2 Re8 19.Nd3 Qxg3 20.hxg3 c4 21.Ndf4 b5 22.Kf2
a5 23.g4 h6 24.Nxe6 Rxe6 25.Nc3 b4 26.Na4 Re7 27.Bc2 Nd7 28.e4 Rae8 29.e5 Bc6
30.f4 b3 31.axb3 cxb3 32.Bxb3 Rb8 33.Bc2 Bxa4 34.Bxa4 Rxb2+ 35.Re2 Rb4 36.Bxd7
Rxd7 37.f5 Ra7 38.e6 Kf8 39.Rc1 Ke7 40.Rc8 Rxd4 41.Kf3 Re4 42.exf7 Kxf7 43.Rd2
Rc4 44.Rd8 Rc5 45.Rb2 a4 46.Rbb8 a3 47.Ra8 Rcc7 48.Rf8+ Ke7 49.Rad8 a2 50.g5
hxg5 {#R} 0-1

[Event "ch-Nordic Youth 2017"]
[Site "masterchessopen.com Drammen NOR"]
[Date "2017.02.17"]
[Round "1.2"]
[White "Jacobsen,Mikkel Manosri"]
[Black "Morling,Joakim"]
[Result "1-0"]
[WhiteElo "2300"]
[BlackElo "2079"]

1.d4 d5 2.Bf4 Nf6 3.e3 c5 4.c3 Nc6 5.Nf3 Qb6 6.Qb3 c4 7.Qxb6 axb6 8.Na3 Na7
9.Be2 h6 10.Ne5 Bf5 11.g4 Bh7 12.Bd1 b5 13.Nc2 Nc6 14.f3 e6 15.a3 Nxe5 16.Bxe5
Nd7 17.Bc7 Be7 18.Kd2 O-O 19.Nb4 Rfc8 20.Bg3 Nb6 21.Bc2 Bxc2 22.Kxc2 Re8
23.Rae1 Nd7 24.e4 Nf6 25.h3 Rad8 26.Bh4 g5 27.Bg3 Nh7 28.Rh2 Nf8 29.Rhe2 Ng6
30.Kc1 Rd7 31.Nc2 Red8 32.Rf1 Bd6 33.e5 Bc7 34.f4 gxf4 35.Bxf4 Nxf4 36.Rxf4
Rf8 37.Ne1 f6 38.Rxf6 Rxf6 39.exf6 Kf7 40.Nf3 Kxf6 41.Ne5 Bxe5 42.Rxe5 Rg7
43.Rh5 Kg6 44.Kd2 Rf7 45.Ke2 Rf4 46.Re5 Kf6 47.Re3 Ke7 48.Rf3 Re4+ 49.Kf2 e5
50.dxe5 d4 51.cxd4 Rxd4 52.Ke2 Re4+ 53.Kd2 h5 54.g5 h4 55.g6 Rxe5 56.Rf7+ Ke8
57.Rxb7 Kf8 58.Rf7+ Kg8 59.Rf4 Rd5+ 60.Kc2 Kg7 61.Rxh4 Kxg6 62.Rf4 Rd3 63.h4
Rh3 64.Rg4+ Kf6 65.Rg5 Rh2+ 66.Kb1 b4 67.axb4 Rxh4 68.Rc5 Ke6 69.Kc2 Kd6
70.Kc3 Rh8 71.Kxc4 Rb8 72.Rc6+ Kd7 73.Kc5 Kd8 74.b5 Rb7 75.b6 Rh7 76.Kb5 Rh5+
77.Rc5 Rh2 78.b4 Rh7 79.Ka6 Rh4 80.b7 Rxb4 81.Rc8+ {#r} 1-0

[Event "ch-Nordic Youth 2017"]
[Site "masterchessopen.com Drammen NOR"]
[Date "2017.02.17"]
[Round "1.3"]
[White "Saltvedt,Martin"]
[Black "Ragnarsson,Dagur"]
[Result "0-1"]
[WhiteElo "2056"]
[BlackElo "2276"]

1.d4 d5 2.Nf3 e6 3.Bf4 c5 4.e3 Nc6 5.Nbd2 Nf6 6.c3 Bd6 7.Bg3 O-O 8.Bd3 b6
9.Qe2 Bb7 10.Rd1 Re8 11.Ne5 Qc7 12.f4 Ne7 13.Bh4 Ne4 14.Bb5 Rf8 15.Nxe4 dxe4
16.Qg4 f5 17.Qg3 cxd4 18.Bxe7 Qxe7 19.Rxd4 Rad8 20.O-O Bxe5 21.fxe5 Rxd4
22.cxd4 Qb4 23.Be2 Bd5 24.b3 Qd2 25.Bc4 Bxc4 26.bxc4 Qxa2 27.Rc1 Rc8 28.Qg5
Qa3 29.Rc2 h6 30.Qg6 Qxe3+ 31.Kf1 Qd3+ 32.Ke1 e3 33.Qxe6+ Kh7 34.Rb2 Rxc4 {#R}
0-1

[Event "ch-Nordic Youth 2017"]
[Site "masterchessopen.com Drammen NOR"]
[Date "2017.02.17"]
[Round "1.4"]
[White "Nielsen,Viktor"]
[Black "Eydsteinsson,Silas"]
[Result "1-0"]
[WhiteElo "2232"]
[BlackElo "2014"]

1.e4 c6 2.d4 d5 3.Nc3 dxe4 4.Nxe4 Bf5 5.Ng3 Bg6 6.h4 h6 7.Nf3 Nd7 8.h5 Bh7
9.Bd3 Bxd3 10.Qxd3 e6 11.Bd2 Ngf6 12.O-O-O Bd6 13.Ne4 Nxe4 14.Qxe4 Nf6 15.Qe2
a5 16.Ne5 Bb4 17.Kb1 Qd5 18.Bc1 b5 19.f3 a4 20.c4 bxc4 21.Qxc4 Qxc4 22.Nxc4 a3
23.bxa3 Be7 24.Kc2 O-O 25.Rd3 Nd5 26.Rhd1 c5 27.Rb3 Rfc8 28.Kd3 cxd4 29.Bd2
Ra6 30.Rc1 Rca8 31.Rc2 Bxa3 32.Nxa3 Rxa3 33.Rxa3 Rxa3+ 34.Kxd4 Kf8 35.Kc4 Ke8
36.Rb2 Kd7 37.Bb4 Ra8 38.Kb3 Rb8 39.a3 Kc6 40.Rc2+ Kb6 41.Bd6 Rd8 42.Bc5+ Ka6
43.Bd4 Rb8+ 44.Ka4 Rg8 45.Rc6+ Kb7 46.Rd6 Kc7 47.Be5 Kc8 48.Kb5 f6 49.Bg3 Re8
50.a4 Re7 51.Rc6+ Kb7 52.a5 Re8 53.a6+ Ka7 54.Ka5 e5 55.Rd6 Ne7 56.Rd7+ Kb8
57.Bf2 Kc8 58.Rb7 Nc6+ 59.Kb6 Re6 60.Rc7+ {#r} 1-0

[Event "ch-Nordic Youth 2017"]
[Site "masterchessopen.com Drammen NOR"]
[Date "2017.02.17"]
[Round "2.1"]
[White "Nielsen,Ho"]
[Black "Syvalahti,Timo"]
[Result "0-1"]
[WhiteElo "2324"]
[BlackElo "2149"]

1.e4 e6 2.d4 d5 3.Nd2 Nf6 4.e5 Nfd7 5.Bd3 c5 6.c3 b6 7.Ne2 Ba6 8.Bxa6 Nxa6
9.Nf4 b5 10.h4 Qb6 11.Nf3 h6 12.h5 Nab8 13.Be3 Nc6 14.Rh3 a5 15.g4 Be7 16.Ne2
O-O-O 17.a4 b4 18.dxc5 Bxc5 19.Bd4 Bxd4 20.cxd4 Kb7 21.Qd2 f6 22.Nf4 fxe5
23.Ng6 e4 24.Nxh8 Rxh8 25.Ne5 Ndxe5 26.dxe5 Nxe5 27.Qe2 Rf8 28.O-O-O Rxf2
29.Qb5 Qxb5 30.axb5 Nd3+ 31.Kb1 Rxb2+ 32.Ka1 Rf2 33.g5 hxg5 34.Rg3 Kb6 35.Rxg5
e3 36.Rxd3 Rf1+ 37.Kb2 e2 {#R} 0-1

[Event "ch-Nordic Youth 2017"]
[Site "masterchessopen.com Drammen NOR"]
[Date "2017.02.17"]
[Round "2.2"]
[White "Johannesson,Oliver"]
[Black "Jacobsen,Mikkel Manosri"]
[Result "1-0"]
[WhiteElo "2224"]
[BlackElo "2300"]

1.d4 d5 2.c4 c6 3.Nf3 Nf6 4.Nc3 e6 5.g3 dxc4 6.Ne5 b5 7.Bg2 a6 8.Nxc6 Qb6
9.Nxb8 Bb7 10.Bxb7 Qxb7 11.O-O Rxb8 12.Qc2 Be7 13.Rd1 O-O 14.f3 Rfd8 15.e4 Rd7
16.Be3 Rbd8 17.Rac1 Ne8 18.Rd2 Bb4 19.Rcd1 Ba5 20.a3 Nc7 21.Bf2 Bb6 22.Kg2 Qa7
23.Ne2 Ne8 24.Bg1 Nf6 25.Qc3 h6 26.Qc2 Kh8 27.Qc3 Ng8 28.Nf4 Qc7 29.Qc2 Ba5
30.Re2 Ne7 31.d5 Qb7 32.Bd4 Bb6 33.Bxg7+ Kxg7 34.Nh5+ Kf8 35.Qc3 Nxd5 36.exd5
Rxd5 37.Qg7+ Ke7 38.Rde1 R8d6 39.Nf4 Rd2 40.Qxh6 Be3 41.Qh4+ Kd7 42.Qf6 Kc8
43.Qe5 R6d3 44.Nxd3 cxd3 45.Rc1+ Kd8 46.Rxd2 Bxd2 47.Qd6+ Ke8 48.Rc7 {#r} 1-0

[Event "ch-Nordic Youth 2017"]
[Site "masterchessopen.com Drammen NOR"]
[Date "2017.02.17"]
[Round "2.3"]
[White "Ragnarsson,Dagur"]
[Black "Nielsen,Viktor"]
[Result "0-1"]
[WhiteElo "2276"]
[BlackElo "2232"]

1.e4 e5 2.Nf3 Nc6 3.Bc4 Bc5 4.O-O Nf6 5.d3 O-O 6.c3 d6 7.a4 a5 8.h3 h6 9.Re1
Re8 10.Nbd2 Ba7 11.Bb5 Bd7 12.Qb3 Nh5 13.Nc4 Qf6 14.Qd1 Nf4 15.Bxf4 Qxf4
16.Ne3 Qf6 17.Nh2 Qg5 18.Qf3 Rad8 19.g4 Ne7 20.Qg3 c6 21.Bc4 Ng6 22.Ng2 Qf6
23.Nf3 Be6 24.Nfh4 Nf4 25.Nf5 Bxf5 26.exf5 Nxg2 27.Qxg2 d5 28.Ba2 Qg5 29.Re2
Re7 30.Rae1 Rde8 31.c4 dxc4 32.Bxc4 Bd4 33.Qg3 Qf6 34.h4 Kf8 35.Kh1 g6 36.Qh3
Kg7 37.Rg1 g5 38.Rge1 Rh8 39.f4 gxf4 40.Rh2 Kf8 41.Ree2 Rg8 42.Qf3 Ke8 43.Reg2
Kd8 44.g5 hxg5 45.Qg4 f3 46.Qxf3 g4 47.Rxg4 Rxg4 48.Qxg4 Re8 49.h5 Rh8 50.Kg2
Ke8 51.Rh3 Kf8 52.Rg3 Ke7 53.b3 Kf8 54.Kf3 Qh6 55.Kg2 Qd2+ 56.Kh3 Qh6 57.Kg2
Qxh5 58.Qg7+ Ke7 59.Qg5+ Qxg5 60.Rxg5 Kf6 61.Rg3 Rb8 62.Rh3 b5 63.axb5 cxb5
64.Bd5 Rg8+ 65.Kf3 Rg5 66.Be4 Rg1 67.Rh6+ Kg5 68.Ra6 Rf1+ 69.Kg3 Rg1+ 70.Kf3
Ra1 71.Bd5 Rf1+ 72.Kg3 Rxf5 73.Rxa5 b4 74.Ra8 Rf1 75.Rg8+ Kf6 76.Rb8 Rf4
77.Kg2 Bc3 78.Rb6+ Kg5 79.Rb7 Kg6 80.Rb6+ Kg7 81.Rb7 Kg6 82.Rb6+ Kg5 83.Rb7 f5
84.Rg7+ Kf6 85.Rf7+ Kg6 86.Rf8 Bd4 87.Bf3 Kg7 88.Rb8 Bc3 89.Bd5 Kf6 90.Rb7 Be1
91.Rf7+ Kg6 92.Re7 Bc3 93.Re6+ Kg5 94.Re7 Rd4 95.Bc4 Kf4 96.Kf2 Rd8 97.Rh7
Bd4+ 98.Ke2 Ra8 99.Rh4+ Kg3 100.Rh5 Ra2+ 101.Kd1 f4 102.Rg5+ Kf2 103.Bd5 Ra1+
104.Kc2 Ke3 105.Rh5 Ra2+ 106.Kb1 Rf2 107.Rh3+ Kd2 108.Rh1 Kxd3 109.Rd1+ Ke3
110.Bc4 f3 111.Re1+ Re2 112.Rh1 Kd2 113.Rf1 Re1+ 114.Ka2 f2 {#R} 0-1

[Event "ch-Nordic Youth 2017"]
[Site "masterchessopen.com Drammen NOR"]
[Date "2017.02.17"]
[Round "2.6"]
[White "Eydsteinsson,Silas"]
[Black "Saltvedt,Martin"]
[Result "1-0"]
[WhiteElo "2014"]
[BlackElo "2056"]

1.Nf3 c5 2.g3 Nc6 3.Bg2 d5 4.O-O Nf6 5.d3 e6 6.c4 Be7 7.cxd5 Nxd5 8.Nc3 O-O
9.Bd2 b6 10.a3 Bb7 11.Qc2 Rc8 12.Rfd1 Nd4 13.Qb1 Nxc3 14.bxc3 Nxf3+ 15.Bxf3
Bxf3 16.exf3 Qd5 17.f4 Bf6 18.Qc2 Rfd8 19.Be3 Qf5 20.Rac1 Rd5 21.Rd2 Rcd8
22.Rcd1 h5 23.Kg2 h4 24.f3 Qh7 25.g4 Be7 26.a4 Qg6 27.Kf2 h3 28.Ke2 e5 29.f5
Qd6 30.Kf1 Qc6 31.Ke2 R5d7 32.Qb3 Bd6 33.Qc4 Bc7 34.Qe4 Qd6 35.c4 a5 36.g5 g6
37.f6 Qe6 38.Qh4 Bd6 39.Rg1 e4 40.fxe4 Bf8 41.Rg3 Rxd3 42.Rxd3 Qxc4 43.Bd2 Rd4
44.Re3 b5 45.axb5 Qxb5 46.Rxh3 {#r} 1-0

[Event "Nebesna Sotnya Mem Blitz"]
[Site "masterchessopen.com Lutsk UKR"]
[Date "2017.02.17"]
[Round "5.4"]
[White "Gritsak,O"]
[Black "Maliutin,Oleksandr"]
[Result "1-0"]
[WhiteElo "2497"]
[BlackElo "2319"]

1.Nf3 Nf6 2.c4 g6 3.g3 Bg7 4.Bg2 O-O 5.O-O d6 6.Nc3 e5 7.b3 c6 8.Bb2 Qc7 9.Qc2
Nbd7 10.d4 Re8 11.e3 a6 12.Rac1 Nf8 13.Rfd1 Bf5 14.e4 Bg4 15.d5 c5 16.h3 Bxf3
17.Bxf3 h5 18.h4 N8h7 19.Kg2 Kh8 20.Rh1 Qd7 21.Qe2 Rab8 22.Nd1 b5 23.Ne3 Qc7
24.Rc2 Nd7 25.g4 hxg4 26.Bxg4 Ndf6 27.h5 Nxe4 28.hxg6 fxg6 29.Be6 Rf8 30.Qg4
Rf4 31.Qxg6 Bf6 32.f3 Ng5 33.Ng4 Qg7 34.Qxg7+ Kxg7 35.Bc1 Nxe6 36.dxe6 Rd4
37.Ne3 Kg6 38.Nd5 Ng5 39.e7 Re8 40.Nxf6 Kxf6 41.Rh6+ Kf5 42.Rh5 Rf4 43.Bxf4
Kxf4 44.Rh4+ Kf5 45.Rd2 Rxe7 46.Rxd6 bxc4 47.Rxc4 Ne6 48.Rxa6 Nf4+ 49.Kf2 Rd7
50.Raa4 Rd2+ 51.Ke1 Rb2 52.Rxf4+ exf4 53.Rc4 Rxa2 54.Rxc5+ Ke6 55.Rc4 Rb2
56.b4 Kd5 57.Rxf4 Ke5 58.Re4+ Kd5 59.Kf1 Ra2 60.Re2 Ra4 61.Rb2 {#r} 1-0

[Event "WCh Women 2017"]
[Site "masterchessopen.com Tehran IRI"]
[Date "2017.02.16"]
[Round "2.3"]
[White "Harika,D"]
[Black "Saduakassova,D"]
[Result "1-0"]
[WhiteElo "2539"]
[BlackElo "2428"]

1.e4 c5 2.Nf3 e6 3.d4 cxd4 4.Nxd4 Nc6 5.Nc3 a6 6.Be2 d6 7.Be3 Nf6 8.O-O Be7
9.f4 O-O 10.a4 Nxd4 11.Qxd4 Qc7 12.Rad1 e5 13.Qd3 exf4 14.Bxf4 Rd8 15.Kh1 Be6
16.Qg3 Ne8 17.Bd3 Bf6 18.Bg5 Bxg5 19.Qxg5 Qc5 20.Nd5 h6 21.Qg3 Qd4 22.c3 Qe5
23.Qxe5 dxe5 24.c4 a5 25.Kg1 Bxd5 26.cxd5 Nd6 27.Rc1 Rac8 28.Kf2 Kf8 29.Ke3
Ke7 30.g4 Rxc1 31.Rxc1 Rc8 32.Rg1 Nc4+ 33.Ke2 Nxb2 34.Rb1 Nxa4 35.Rxb7+ Kf8
36.Ra7 Nc5 37.Rxa5 Nb3 38.Ra7 Nd4+ 39.Ke3 Rd8 40.h4 Ke8 41.Be2 Rd7 42.Ra6 Rb7
43.Bd1 Rb8 44.Ba4+ Kf8 45.Ra7 Rd8 46.h5 Rb8 47.Kd3 Rc8 48.Bd7 Rd8 49.Kc4 Nf3
50.Bf5 Nh4 51.Kc5 Nxf5 52.gxf5 Ke8 53.d6 Rb8 54.Kc6 Rc8+ 55.Rc7 Ra8 56.Re7+
Kf8 57.Rxe5 {#r} 1-0

[Event "WCh Women 2017"]
[Site "masterchessopen.com Tehran IRI"]
[Date "2017.02.16"]
[Round "2.3"]
[White "Khurtsidze,N"]
[Black "Batsiashvili,N"]
[Result "0-1"]
[WhiteElo "2383"]
[BlackElo "2492"]

1.d4 d5 2.Nf3 Nf6 3.c4 e6 4.Nc3 c5 5.cxd5 Nxd5 6.e4 Nxc3 7.bxc3 cxd4 8.cxd4
Bb4+ 9.Bd2 Bxd2+ 10.Qxd2 O-O 11.Bc4 Nd7 12.O-O b6 13.a4 Bb7 14.Bd3 Nf6 15.Rfe1
h6 16.a5 a6 17.axb6 Qxb6 18.Rab1 Qc7 19.Rbc1 Qe7 20.Qa5 Rfc8 21.Nd2 Qd7
22.Rxc8+ Rxc8 23.Nb3 Rb8 24.Qb6 Qe8 25.Nc5 Bxe4 26.Qxa6 Bxd3 27.Qxd3 Qc6 28.h3
Rd8 29.Ne4 Nd5 30.Nd2 Nf4 31.Qe4 Qxe4 32.Rxe4 Rxd4 33.Rxd4 Ne2+ 34.Kf1 Nxd4
35.f3 f6 36.Kf2 Kf7 37.Nc4 e5 38.Ke3 Ke6 39.g4 g6 40.f4 Nb5 41.fxe5 fxe5
42.Nd2 Nd6 43.Nb1 Nc4+ 44.Ke4 Nd6+ 45.Ke3 Ne8 46.Nd2 Nf6 47.Nf3 g5 48.Nd2 Kd5
49.Nf3 e4 50.Nd4 Ke5 51.Nc6+ Kd5 52.Ne7+ Ke6 53.Ng6 Nd7 54.h4 Kf6 55.h5 Ne5
56.Kxe4 Nxg4 57.Kd5 Ne3+ 58.Ke4 Nf5 59.Kf3 Ng7 60.Kg4 Ne6 61.Kg3 Nd4 62.Kg4
Nc6 63.Kg3 Kf5 64.Nf8 Ne5 65.Nh7 Ke6 66.Nf8+ Kf7 {#R} 0-1

[Event "WCh Women 2017"]
[Site "masterchessopen.com Tehran IRI"]
[Date "2017.02.16"]
[Round "2.3"]
[White "Paehtz,E"]
[Black "Cramling,P"]
[Result "0-1"]
[WhiteElo "2468"]
[BlackElo "2434"]

1.d4 d5 2.Nf3 Nf6 3.c4 e6 4.g3 g6 5.Bg2 Bg7 6.Nc3 O-O 7.O-O b6 8.cxd5 exd5
9.Ne5 Bb7 10.Qb3 Na6 11.Bg5 c6 12.e4 Nc7 13.Rad1 h6 14.Be3 Qe7 15.Rfe1 Rfe8
16.Rc1 Kh7 17.exd5 cxd5 18.Bd2 Ne6 19.Nb5 Ne4 20.Bc3 a6 21.Na3 b5 22.f4 Rac8
23.Nc2 Qc7 24.Ne3 Red8 25.Rc2 Qb6 26.Bxe4 dxe4 27.Rd2 Rc7 28.Kg2 Nxd4 29.Qd1
Nf5 30.Rxd8 Nxe3+ 31.Rxe3 Qxe3 32.Rd7 Qb6 33.Nxf7 e3+ 34.Kh3 Qe6+ 35.g4 Rxd7
{#R} 0-1

[Event "WCh Women 2017"]
[Site "masterchessopen.com Tehran IRI"]
[Date "2017.02.16"]
[Round "2.3"]
[White "Zhao Xue"]
[Black "Padmini,R"]
[Result "0-1"]
[WhiteElo "2505"]
[BlackElo "2387"]

1.d4 d5 2.c4 e6 3.Nf3 Nf6 4.g3 dxc4 5.Bg2 Bd7 6.Nbd2 Bc6 7.Nxc4 Bb4+ 8.Bd2
Bxd2+ 9.Qxd2 O-O 10.O-O Bd5 11.Rac1 Nc6 12.Rfd1 a5 13.a3 a4 14.Qf4 Nh5 15.Qe3
f5 16.Nfe5 f4 17.Qd3 Na5 18.Nxa5 Rxa5 19.Bf3 Bxf3 20.Nxf3 c6 21.Rc4 Qd6 22.Kg2
Nf6 23.Qc2 Rfa8 24.Rc5 h6 25.Re5 Nd5 26.Qe4 fxg3 27.hxg3 Nf6 28.Qc2 Nd7 29.Re3
Qd5 30.Rh1 Qf5 31.Qc4 Rd5 32.Rh4 Qg6 33.Qb4 Rb5 34.Qd6 Nf8 35.Ne5 Qe8 36.Nc4
Rd8 37.Qc7 Rd7 38.Nd6 Qe7 39.Qxd7 Qxd7 40.Nxb5 cxb5 41.Rhe4 Qd5 42.Kg1 Qa2
43.d5 Qxd5 44.Rb4 Nd7 45.Rd3 Qc6 46.Rc3 Qd5 47.Rd3 Qc6 48.Rc3 Qb6 49.Rc8+ Kh7
50.Rf4 Nf6 51.e3 e5 52.Rb4 Nd5 53.Rh4 Qe6 54.Rb8 Qc6 55.Rd8 Nf6 56.Rb4 e4
57.Kg2 Qc5 58.Rbd4 Qh5 59.Rd1 Ng4 60.Rh1 Qf5 61.Rd2 Qf3+ 62.Kg1 Ne5 63.Rd5 Nd3
64.Rh2 Qd1+ 65.Kg2 Ne1+ {#R} 0-1

[Event "WCh Women 2017"]
[Site "masterchessopen.com Tehran IRI"]
[Date "2017.02.16"]
[Round "2.3"]
[White "Huang Qian"]
[Black "Pogonina,N"]
[Result "1-0"]
[WhiteElo "2451"]
[BlackElo "2487"]

1.Nf3 d5 2.d4 Nf6 3.c4 e6 4.Nc3 Be7 5.Bg5 h6 6.Bxf6 Bxf6 7.Qb3 dxc4 8.Qxc4 O-O
9.e3 b6 10.Rd1 Ba6 11.Qa4 Bb7 12.Be2 Qc8 13.O-O c5 14.Rc1 Nd7 15.Bb5 Rd8
16.Bxd7 Rxd7 17.dxc5 bxc5 18.Qf4 Bxf3 19.Qxf3 Rb8 20.b3 Bxc3 21.Rxc3 Rd2
22.Qf4 Rxa2 23.Rxc5 Qxc5 24.Qxb8+ Kh7 25.Qb7 f5 26.h4 Qc2 27.h5 Qe2 28.Qf7 Qg4
29.Qxe6 Qxh5 30.Qd5 Qg4 31.Rc1 h5 32.Rc4 Ra1+ 33.Kh2 Rd1 34.Qe5 Qg5 35.Rf4 Rb1
36.b4 Kg6 37.Qe8+ Kh7 38.Qe5 Kg6 39.Qe6+ Qf6 40.Qe8+ Kh6 41.e4 g6 42.exf5 Rb2
43.Qxg6+ Qxg6 44.fxg6 Kxg6 45.Kg3 Kg5 46.Rc4 Rb3+ 47.f3 Rb2 48.Kh3 Rb3 49.Rc5+
Kg6 50.Rc4 Kg5 51.Kg3 Rb2 52.Rd4 Kg6 53.Kh3 Kg5 54.Rd5+ Kg6 55.Rb5 a6 56.Rb6+
Kg5 57.g3 Kf5 58.Rh6 Kg5 59.Rxa6 Rxb4 60.f4+ Kf5 61.Rh6 {#r} 1-0

[Event "WCh Women 2017"]
[Site "masterchessopen.com Tehran IRI"]
[Date "2017.02.16"]
[Round "2.4"]
[White "Batsiashvili,N"]
[Black "Khurtsidze,N"]
[Result "0-1"]
[WhiteElo "2492"]
[BlackElo "2383"]

1.d4 d6 2.Nf3 Nd7 3.e4 g6 4.Bd3 Bg7 5.O-O e6 6.Re1 Ne7 7.Be3 b6 8.Qd2 h6 9.c4
Bb7 10.Nc3 g5 11.h3 Ng6 12.Ne2 O-O 13.Ng3 Qe7 14.Nh5 Bh8 15.Nh2 f5 16.exf5
exf5 17.f4 gxf4 18.Bxf4 Bxd4+ 19.Kh1 Qh4 20.Bf1 Be5 21.Bxe5 Qxh5 22.Bc3 Qxh3
23.Re6 Kh7 24.Rae1 Rf7 25.R1e3 Qh4 26.Kg1 Nf4 27.Re8 Rxe8 28.Rxe8 Ne5 29.Bxe5
dxe5 30.Rxe5 Rg7 31.Rxf5 Nxg2 32.Bd3 Be4 33.Nf3 Nf4+ 34.Kf1 Bxd3+ 35.Qxd3 Qh3+
{#R} 0-1

[Event "WCh Women 2017"]
[Site "masterchessopen.com Tehran IRI"]
[Date "2017.02.16"]
[Round "2.4"]
[White "Cramling,P"]
[Black "Paehtz,E"]
[Result "1-0"]
[WhiteElo "2434"]
[BlackElo "2468"]

1.d4 d6 2.c4 g6 3.e4 Bg7 4.Nc3 e5 5.Nge2 Nf6 6.d5 a5 7.f3 Na6 8.Be3 O-O 9.Qd2
Nc5 10.Nc1 Nfd7 11.Nd3 f5 12.O-O-O Na6 13.g4 Nb6 14.Nf2 fxg4 15.fxg4 Qh4
16.Rg1 Bd7 17.Rg2 Qe7 18.Be2 Rf7 19.Rh1 Raf8 20.h4 h6 21.Rhh2 Rf4 22.b3 Nc5
23.Qc2 c6 24.Kb1 cxd5 25.cxd5 Rc8 26.Qd2 Kh7 27.Rg1 Rf7 28.g5 h5 29.Bxh5 Rxf2
30.Bxg6+ Kxg6 31.h5+ Kh7 32.Rxf2 Kg8 33.h6 a4 34.hxg7 axb3 35.Rf8+ Kxg7
36.Rxc8 bxa2+ 37.Kxa2 Nxc8 38.Qh2 Kg8 39.Rh1 Qg7 40.g6 Be8 41.Qh7+ Qxh7
42.gxh7+ Kh8 43.Bg5 Nd7 44.Rh6 Bf7 45.Nb5 {#r} 1-0

[Event "WCh Women 2017"]
[Site "masterchessopen.com Tehran IRI"]
[Date "2017.02.16"]
[Round "2.4"]
[White "Pogonina,N"]
[Black "Huang Qian"]
[Result "1-0"]
[WhiteElo "2487"]
[BlackElo "2451"]

1.d4 d5 2.c4 c6 3.e3 Nf6 4.Nc3 g6 5.Nf3 Bg7 6.Be2 O-O 7.O-O a6 8.a4 a5 9.cxd5
Nxd5 10.e4 Nb4 11.Be3 Bg4 12.h3 Bxf3 13.Bxf3 Nd7 14.Be2 e5 15.dxe5 Nxe5 16.Qb3
Qe7 17.Rad1 Rfd8 18.Bb6 Rxd1 19.Rxd1 Nd7 20.Be3 Re8 21.Bc4 Ne5 22.Bf1 Nd7
23.f3 Nc5 24.Qc4 Ne6 25.Bb6 Ra8 26.b3 Be5 27.Ne2 c5 28.f4 Nxf4 29.Nxf4 Bxf4
30.Bxc5 Qf6 31.Rd7 Nc6 32.Rxb7 Ne5 33.Qe2 Qc6 34.Qb5 Qxe4 35.Rb8+ Kg7 36.Bf8+
Kf6 37.Rxa8 Qxa8 38.Qb6+ Qc6 39.Qd8+ Kf5 40.Qxa5 Qc1 41.Bc5 Bd2 42.Qa7 Qe1
43.Bf2 Qd1 44.Qd4 Qc2 45.Bg3 Qc3 46.Qxc3 Bxc3 47.Kf2 Ke4 48.Bb5 f5 49.Ke2 g5
50.Ba6 f4 51.Bb7+ Kf5 52.Bf2 h5 53.Bb6 g4 54.hxg4+ hxg4 55.a5 f3+ 56.gxf3
gxf3+ 57.Bxf3 Nd7 58.Bc7 Nc5 59.Bd5 Na6 60.Bb6 Ke5 61.Bb7 Bxa5 62.Bxa5 Nc5
63.Bc3+ Kf4 64.Bd5 {#r} 1-0

[Event "WCh Women 2017"]
[Site "masterchessopen.com Tehran IRI"]
[Date "2017.02.16"]
[Round "2.5"]
[White "Khurtsidze,N"]
[Black "Batsiashvili,N"]
[Result "1-0"]
[WhiteElo "2383"]
[BlackElo "2492"]

1.d4 d5 2.Nf3 Nf6 3.c4 e6 4.e3 c5 5.cxd5 exd5 6.Bb5+ Bd7 7.Bxd7+ Nbxd7 8.dxc5
Bxc5 9.O-O O-O 10.Bd2 Qe7 11.Bc3 a6 12.Qb3 b5 13.Bxf6 Nxf6 14.Nc3 Rfd8 15.Rad1
Qb7 16.Rd3 Rd6 17.Rfd1 Rad8 18.Nd4 b4 19.Nce2 g6 20.Nf4 R8d7 21.h3 Ba7 22.Rc1
Ne4 23.Rdd1 Nc5 24.Qc2 a5 25.Qe2 Bb6 26.h4 h5 27.Nf3 Ne4 28.Nd4 Rd8 29.Qb5
R8d7 30.Rc2 Kh7 31.Rdc1 Bxd4 32.Qxb7 Rxb7 33.exd4 Kg7 34.f3 Nf6 35.Rc5 a4
36.Ra5 a3 37.b3 Rd8 38.Kf2 Rdd7 39.Nd3 Rd8 40.Ra4 Rdb8 41.Rc5 Nd7 42.Rc6 Nf8
43.Nf4 Ne6 44.Nxe6+ fxe6 45.Rxe6 Rc8 46.Re2 Rc3 47.Ra5 Rbc7 48.Rxd5 Rc2 49.Re5
Kf6 50.Re6+ Kf7 51.Re7+ Kf6 52.Rxc7 Rxc7 53.d5 Rc3 54.Rd2 Ke7 55.d6+ Kd7
56.Kg3 Rc5 57.Kf4 Rf5+ 58.Ke4 Rc5 59.g4 hxg4 60.fxg4 Rc3 61.Ke5 Rf3 62.Rd4 Rf2
63.Rxb4 Re2+ 64.Kf6 Rxa2 65.Kxg6 Rd2 66.Ra4 a2 67.h5 Rxd6+ 68.Kg7 Rd4 69.Rxd4+
{#r} 1-0